[Event "AUTO-BEG-316"]
[Site "http://www.queenalice.com/game.php?id=590040"]
[Date "2009.5.18"]
[Round "1"]
[White "dreamer"]
[Black "vinicius123"]
[Result "1/2-1/2"]
[WhiteElo "1529"]
[BlackElo "1449"]

1. Nf3 Nc6 2. c4 e5 3. e4 Nf6 4. d3 Bc5 5. h3 O-O 6. a3 a5 7. Nc3 d6 8. Be2 Nd4
9. Be3 Nxf3+ 10. Bxf3 Bxe3 11. fxe3 h6 12. Nd5 Nxd5 13. exd5 f5 14. O-O Qg5 15.
Kh1 Qxe3 16. Qe2 Qxe2 17. Bxe2 e4 18. dxe4 fxe4 19. Rxf8+ Kxf8 20. Rf1+ Kg8 21.
Rf4 Bd7 22. Rxe4 Rf8 23. Kg1 c6 24. Bf3 cxd5 25. cxd5 1/2-1/2

[Event "AUTO-BEG-316"]
[Site "http://www.queenalice.com/game.php?id=590041"]
[Date "2009.5.18"]
[Round "1"]
[White "vinicius123"]
[Black "RodicH"]
[Result "1/2-1/2"]
[WhiteElo "1454"]
[BlackElo "1425"]

1. e4 e5 2. Nf3 Nc6 3. Bc4 h6 4. O-O d6 5. Nc3 Nf6 6. d3 Ng4 7. h3 Nf6 8. Nd5
Nxd5 9. Bxd5 Be6 10. Bxc6+ bxc6 11. d4 Qf6 12. dxe5 Qg6 13. exd6 Bxh3 14. Nh4
Qe6 15. d7+ Qxd7 16. Qxd7+ Bxd7 17. Bf4 g5 18. Ng6 fxg6 19. Bxc7 Bg7 20. c3 a5
21. e5 Rc8 22. Bd6 Bf5 23. Rfe1 Kf7 24. a3 Rhe8 25. b4 a4 26. f3 g4 27. f4 g5
28. g3 h5 29. fxg5 Kg6 30. Kh2 Kxg5 31. c4 h4 32. gxh4+ Kg6 33. Kg3 Kf7 34. c5
Re6 35. Ra2 1/2-1/2

[Event "AUTO-BEG-316"]
[Site "http://www.queenalice.com/game.php?id=590042"]
[Date "2009.5.18"]
[Round "1"]
[White "RodicH"]
[Black "vinicius123"]
[Result "0-1"]
[WhiteElo "1378"]
[BlackElo "1410"]

1. e4 e5 2. Nc3 Nf6 3. d4 exd4 4. Qxd4 Nc6 5. Qe3 d6 6. g3 Nb4 7. Qd2 Be7 8. Qg5
O-O 9. Be3 Nxe4 10. Qf4 Nxc2+ 11. Ke2 Nxc3+ 12. bxc3 Nxa1 13. Qe4 Bf6 14. Kf3
Bd7 15. Bd3 Bc6 16. Ke2 Bxe4 17. Bxe4 d5 18. Bg2 Nc2 19. Bc5 Re8+ 20. Kf3 Qd7
21. Bh3 Qc6 22. Be3 d4+ 0-1

[Event "AUTO-BEG-316"]
[Site "http://www.queenalice.com/game.php?id=590043"]
[Date "2009.5.18"]
[Round "1"]
[White "vinicius123"]
[Black "vieri"]
[Result "1-0"]
[WhiteElo "1472"]
[BlackElo "1204"]

1. e4 e5 2. Nf3 d6 3. Bc4 h6 4. Nc3 Nf6 5. O-O Ng4 6. d3 c6 7. a4 g6 8. h3 Nf6
9. Be3 d5 10. exd5 cxd5 11. Bb5+ Nfd7 12. Bxd7+ Bxd7 13. Nxd5 Qa5 14. Nf6+ Ke7
15. Nxd7 Nxd7 16. c3 Kf6 17. Nh4 g5 18. Qf3+ Kg7 19. Nf5+ Kg6 20. Qe4 Nf6 21.
Qf3 Qd5 22. Qxd5 Nxd5 23. c4 Kxf5 24. cxd5 a6 25. d4 Bb4 26. dxe5 Kxe5 27. Rfd1
f5 28. Bd4+ Kxd5 29. Bxh8+ Kc4 30. Rd4+ Kc5 31. Rc1+ Kb6 32. Rxb4+ Ka7 33. Rc7
Rb8 34. Bd4+ Ka8 35. Be5 b5 36. axb5 Re8 37. Ra4 Rxe5 38. Rxa6+ Kb8 39. b6 Rb5
40. Rh7 Rxb2 41. Raa7 Rxb6 42. Rag7 Rb1+ 43. Kh2 Rf1 44. Rh8# 1-0

[Event "AUTO-BEG-316"]
[Site "http://www.queenalice.com/game.php?id=590044"]
[Date "2009.5.18"]
[Round "1"]
[White "vieri"]
[Black "vinicius123"]
[Result "1-0"]
[WhiteElo "1168"]
[BlackElo "1517"]

1. e4 e5 2. d3 Nf6 3. Nf3 Nc6 4. g3 g6 5. Ng5 Bg7 6. c3 O-O 7. d4 exd4 8. cxd4
d6 9. Nc3 a6 10. d5 Ne5 11. Be2 c6 12. O-O h6 13. Nf3 Bh3 14. Re1 Re8 15. Nd4 c5
16. Bf4 Nfd7 17. Nf3 Nxf3+ 18. Bxf3 Nb6 19. g4 Nc4 20. Ne2 Ne5 21. Bh1 Nxg4 22.
Bg2 Qh4 23. Bxh3 Qxf2+ 24. Kh1 Qf3+ 25. Bg2 Nf2+ 26. Kg1 Qxg2+ 27. Kxg2 Nxd1 28.
Rexd1 Rxe4 29. Kf3 f5 30. Bxd6 Bxb2 31. Rab1 Bd4 32. Nxd4 cxd4 33. Rxb7 g5 34.
Re7 Rd8 35. Be5 Re3+ 36. Kf2 Rc8 37. Rxd4 Rc2+ 38. Kxe3 1-0

[Event "AUTO-INT-1322"]
[Site "http://www.queenalice.com/game.php?id=593716"]
[Date "2009.5.26"]
[Round "1"]
[White "txukahamae"]
[Black "vinicius123"]
[Result "1-0"]
[WhiteElo "1779"]
[BlackElo "1465"]

1. d4 d5 2. c4 e6 3. Nc3 Nf6 4. Bg5 Be7 5. Nf3 O-O 6. e3 h6 7. Bxf6 Bxf6 8. Bd3
Nc6 9. cxd5 exd5 10. h3 Be6 11. Qc2 Nb4 12. Qd1 Nxd3+ 13. Qxd3 c6 14. O-O Re8
15. Rfe1 Qd7 16. Kf1 Rad8 17. Rac1 Bf5 18. Qd2 Be4 19. Nxe4 dxe4 20. Ng1 Re5 21.
Red1 Rf5 22. Qc2 Qd5 23. Ne2 Bg5 24. Ng3 Qb5+ 25. Ke1 Bh4 26. Nxf5 1-0

[Event "AUTO-INT-1322"]
[Site "http://www.queenalice.com/game.php?id=593717"]
[Date "2009.5.26"]
[Round "1"]
[White "vinicius123"]
[Black "txukahamae"]
[Result "0-1"]
[WhiteElo "1453"]
[BlackElo "1778"]

1. e4 Nf6 2. Nc3 d5 3. exd5 Nxd5 4. Nxd5 Qxd5 5. Nf3 Bg4 6. Be2 Nc6 7. c3 e6 8.
d4 Bd6 9. O-O Qh5 10. g3 f5 11. Re1 Rf8 12. Be3 f4 13. Bxf4 Bxf4 14. gxf4 Rxf4
15. Bb5 Qh3 16. Bxc6+ bxc6 0-1

[Event "AUTO-INT-1322"]
[Site "http://www.queenalice.com/game.php?id=593736"]
[Date "2009.5.26"]
[Round "1"]
[White "vinicius123"]
[Black "fredpoa"]
[Result "0-1"]
[WhiteElo "1429"]
[BlackElo "1476"]

1. e4 e5 2. Nf3 f6 3. d4 Bb4+ 4. c3 Ba5 5. dxe5 fxe5 6. Nxe5 d6 7. Nf3 Nf6 8.
Bg5 O-O 9. Bc4+ Kh8 10. O-O h6 11. Bh4 Qe8 12. Bxf6 Rxf6 13. Nbd2 Bg4 14. Qc2
Nd7 15. Bb5 c6 16. Be2 d5 17. h3 Bh5 18. Bd3 Rg6 19. exd5 cxd5 20. Bxg6 Bxg6 21.
Qb3 Nb6 22. Rfe1 Qf8 23. Nf1 Rd8 24. Ne5 Be4 25. Rxe4 Qf5 26. Re3 Nc4 27. Nxc4
dxc4 28. Qxc4 Rf8 29. Rf3 Qc8 30. Rxf8+ Qxf8 31. Ne3 Bb6 32. Re1 g5 0-1

[Event "AUTO-INT-1322"]
[Site "http://www.queenalice.com/game.php?id=593737"]
[Date "2009.5.26"]
[Round "1"]
[White "fredpoa"]
[Black "vinicius123"]
[Result "1-0"]
[WhiteElo "1490"]
[BlackElo "1415"]

1. e4 e5 2. d3 Nf6 3. Bg5 Be7 4. Nf3 d6 5. Be2 O-O 6. O-O h6 7. Bxf6 Bxf6 8. c4
Bg4 9. h3 Bh5 10. g4 Bg6 11. Nc3 c6 12. h4 Nd7 13. h5 Bh7 14. b3 Qe7 15. a4 Rad8
16. b4 a6 17. b5 axb5 18. axb5 cxb5 19. cxb5 Nc5 20. Nd5 Qe6 21. Nh2 Bh4 22. Bf3
Nd7 23. Ra7 Nc5 24. g5 Bxg5 25. Bg4 Qe8 26. b6 Qb5 27. Be2 Nb3 28. Qb1 Nd4 29.
Qxb5 Nxb5 30. Nc7 Nd4 31. Bg4 Bf4 32. Rxb7 Rb8 33. Rxb8 Rxb8 34. Nd5 1-0

[Event "AUTO-INT-1327"]
[Site "http://www.queenalice.com/game.php?id=595869"]
[Date "2009.5.30"]
[Round "1"]
[White "vinicius123"]
[Black "fernandocomparsi"]
[Result "0-1"]
[WhiteElo "1483"]
[BlackElo "1754"]

1. e4 e5 2. Nf3 Nf6 3. Nc3 d6 4. Bc4 Be7 5. d3 c5 6. Bg5 Nc6 7. O-O O-O 8. Bxf6
Bxf6 9. Nd5 Be6 10. Nxf6+ Qxf6 11. Bd5 Bxd5 12. exd5 Nd4 13. Nxd4 exd4 14. Qd2
Qe5 15. c4 dxc3 16. Qxc3 Qxd5 17. Rfe1 Rfe8 18. f3 Rxe1+ 19. Qxe1 Qxd3 20. b4
Qd4+ 0-1

[Event "AUTO-INT-1327"]
[Site "http://www.queenalice.com/game.php?id=595870"]
[Date "2009.5.30"]
[Round "1"]
[White "fernandocomparsi"]
[Black "vinicius123"]
[Result "1-0"]
[WhiteElo "1792"]
[BlackElo "1402"]

1. e4 e5 2. f4 exf4 3. Nf3 Nc6 4. d4 d6 5. d5 Ne5 6. Bxf4 Bg4 7. Be2 Nxf3+ 8.
gxf3 Bh5 9. Nc3 Nf6 10. Bb5+ Nd7 11. Qd3 Be7 12. O-O-O Bg5 13. Qe3 Bxf4 14. Qxf4
O-O 15. Rhg1 Nf6 16. Qg5 Bg6 17. Bd3 h6 18. Qh4 Re8 19. Ne2 Nh7 20. Qxd8 Raxd8
21. Nf4 Ng5 22. Rdf1 c6 23. Nxg6 fxg6 24. dxc6 bxc6 25. h4 Nh3 26. Rxg6 Nf4 27.
Rg4 Nxd3+ 28. cxd3 d5 29. Rfg1 Re7 30. Rg6 1-0

[Event "AUTO-INT-1327"]
[Site "http://www.queenalice.com/game.php?id=595871"]
[Date "2009.5.30"]
[Round "1"]
[White "vinicius123"]
[Black "colorado"]
[Result "0-1"]
[WhiteElo "1354"]
[BlackElo "1445"]

1. e4 e5 2. Nf3 Nc6 3. Bc4 Nf6 4. d3 Na5 5. Nbd2 Bc5 6. O-O Nxc4 7. Nxc4 d6 8.
Bg5 h6 9. Bh4 g5 10. Bg3 Bg4 11. Ncd2 b5 12. h3 Bh5 13. c3 a5 14. a4 b4 15. cxb4
Bxb4 16. Nc4 g4 17. hxg4 Bxg4 18. Qe2 c6 19. Qe3 Bc5 20. d4 exd4 21. Nxd4 Qc7
22. Qd3 d5 23. Bxc7 dxc4 24. Qxc4 Bb4 25. Qxc6+ Kf8 26. Qxa8+ Kg7 27. Qc6 Re8
28. f3 Bd7 29. Qb6 Nh5 30. Nc6 Re6 31. Be5+ Kh7 32. Qc7 Be8 33. Nd4 Re7 34. Qb8
f6 35. Bd6 Bxd6 36. Qxd6 Rg7 37. Nf5 Rf7 38. Ng3 Nxg3 39. Qxg3 h5 0-1

[Event "AUTO-INT-1327"]
[Site "http://www.queenalice.com/game.php?id=595872"]
[Date "2009.5.30"]
[Round "1"]
[White "colorado"]
[Black "vinicius123"]
[Result "1-0"]
[WhiteElo "1457"]
[BlackElo "1342"]

1. e4 e5 2. d3 Bc5 3. Nf3 Nc6 4. c3 Nf6 5. b4 Be7 6. Qb3 O-O 7. h3 a6 8. g4 h6
9. g5 hxg5 10. Nxg5 Nh5 11. h4 Nf4 12. Nd2 Bxg5 13. hxg5 Qxg5 14. Nf3 Qf6 15.
Be3 Qe6 16. d4 exd4 17. Qxe6 Nxe6 18. Nxd4 Ncxd4 19. cxd4 c6 20. f4 d5 21. e5 a5
22. f5 Nc7 23. f6 Bf5 24. Rg1 g6 25. Rh1 Ne6 26. a3 axb4 27. a4 b3 28. Rh2 Bc2
29. Bc1 Nxd4 30. Rh3 b5 31. Bb2 c5 32. axb5 Nxb5 33. Bxb5 Rxa1+ 34. Bxa1 c4 35.
Bc6 Rb8 36. Bb2 Be4 37. e6 fxe6 38. Bd7 1-0

[Event "AUTO-INT-1327"]
[Site "http://www.queenalice.com/game.php?id=595873"]
[Date "2009.5.30"]
[Round "1"]
[White "vinicius123"]
[Black "jlosar"]
[Result "1-0"]
[WhiteElo "1473"]
[BlackElo "1331"]

1. e4 e5 2. Nf3 f6 3. Bc4 Ne7 4. O-O a6 5. a4 Nbc6 6. Nc3 d6 7. Ne2 b5 8. axb5
Nb4 9. bxa6 Bg4 10. Ng3 f5 11. exf5 h5 12. c3 1-0

[Event "AUTO-INT-1327"]
[Site "http://www.queenalice.com/game.php?id=595874"]
[Date "2009.5.30"]
[Round "1"]
[White "jlosar"]
[Black "vinicius123"]
[Result "0-1"]
[WhiteElo "1342"]
[BlackElo "1462"]

1. d4 d5 2. Bg5 Nc6 3. h3 h6 4. Bh4 g6 5. e3 Bg7 6. Nc3 Nf6 7. g4 O-O 8. Bd3 g5
9. Bg3 a6 10. Nf3 Nb4 11. a3 Nxd3+ 12. Qxd3 e6 0-1

[Event "AUTO-BEG-313"]
[Site "http://www.queenalice.com/game.php?id=611425"]
[Date "2009.6.30"]
[Round "2"]
[White "Chemiker"]
[Black "vinicius123"]
[Result "1-0"]
[WhiteElo "1545"]
[BlackElo "1441"]

1. e4 e5 2. Nf3 Nc6 3. Bc4 Nf6 4. d3 Bc5 5. Bg5 O-O 6. O-O h6 7. Bxf6 Qxf6 8.
Nc3 d6 9. Nd5 Qd8 10. a3 Be6 11. b4 Bb6 12. Bb5 Bxd5 13. exd5 Ne7 14. Qe2 Ng6
15. d4 exd4 16. Qe4 Qe7 17. Qxe7 1-0

[Event "AUTO-BEG-313"]
[Site "http://www.queenalice.com/game.php?id=611426"]
[Date "2009.6.30"]
[Round "2"]
[White "vinicius123"]
[Black "Chemiker"]
[Result "0-1"]
[WhiteElo "1487"]
[BlackElo "1500"]

1. e4 e5 2. Nf3 Nc6 3. Bc4 Nf6 4. d3 Bc5 5. O-O d6 6. Bg5 h6 7. Bxf6 Qxf6 8. Nc3
Bg4 9. Re1 Bxf3 10. Qxf3 Qxf3 11. gxf3 Nd4 12. Red1 Nxc2 13. Rac1 Nd4 14. Re1
Nxf3+ 0-1